00294pab a2200121 454500008004000000100001600040245004100056260000900097300001300106362001000119650002800129773001500157180718b2013 xxu||||| |||| 00| 0 eng d aSingh, Prem aA new specimen of corporate politics c2013 ap.30-34. a9 Nov aPolitics and government aMainstream